000 01350nim a2200337 a 4500
999 _c11508
_d11508
001 11508
003 BD-JhCC
005 20220303134022.0
007 sd fsngnnmmned
008 180621s2002 nyu nn i0 0 eng d
010 _a 2004560670
020 _a0743524624 :
_c$24.00
024 1 _a076714024007
_d02462
024 3 _a9780743524629
_d52400
028 0 2 _a0-7435-2462-4
_bSimon & Schuster Audio
035 _a(BD-JhCC)11508
040 _aJRS
_cJRS
_dOCLCQ
_dDLC
_dBD-JhCC
042 _alccopycat
050 0 0 _aSDA 95988
082 _2FET 2002
_a158.1
100 1 _aFettke, Rich.
245 1 0 _aExtreme success :
_bthe 7-part program that shows you how to succeed without struggle /
_cRich Fettke.
260 _aNew York, NY :
_bSimon & Schuster Audio,
_cp2002.
300 _a284 p. :
_c21 cm
511 0 _aRead by the author.
520 _aFettke applies the lessons he's learned from extreme sports to business and life, showing that taking risks is as important as doing your homework. With quizzes, stories, and strategies, he explains how you can create your own luck, develop courage for change, use partnerships and alliances to expand possibilities, make fear your friend, and get, and stay, in the "zone."
650 0 _aSuccess.
650 0 _aAchievement motivation.
650 0 _aConduct of life.
942 _2ddc
_cBK
_01